Normal view
MARC view
- الفنون التشكيلية-العراق القديم
Entry Topical Term
001 - CONTROL NUMBER
- control field: 17626
003 - CONTROL NUMBER IDENTIFIER
- control field: JO-AjAnu
005 - DATE AND TIME OF LATEST TRANSACTION
- control field: 20230606073117.0
008 - FIXED-LENGTH DATA ELEMENTS
- fixed length control field: 230606|| aca||aabn | a|a d
040 ## - CATALOGING SOURCE
- Original cataloging agency: JO-AjAnu
- Transcribing agency: JO-AjAnu
150 ## - HEADING--TOPICAL TERM
- Topical term or geographic name entry element: الفنون التشكيلية-العراق القديم
670 ## - SOURCE DATA FOUND
- Source citation: Work cat.: (JO-AjAnu)9051: العذاري، أنغام تأليف, author 17625, بنية التعبير في الفن العراقي القديم